Logic and contemporary rhetoric : the use of reason in everyday life / (Record no. 973)
| 000 -LEADER | |
|---|---|
| fixed length control field | 01489cam a2200301 a 4500 |
| 001 - CONTROL NUMBER | |
| control field | 15900013 |
| 003 - CONTROL NUMBER IDENTIFIER | |
| control field | OSt |
| 005 - DATE AND TIME OF LATEST TRANSACTION | |
| control field | 20140116120842.0 |
| 008 - FIXED-LENGTH DATA ELEMENTS--GENERAL INFORMATION | |
| fixed length control field | 090909r20101978caua b 001 0 eng |
| 010 ## - LIBRARY OF CONGRESS CONTROL NUMBER | |
| LC control number | 2009502445 |
| 020 ## - INTERNATIONAL STANDARD BOOK NUMBER | |
| International Standard Book Number | 9780495804130 |
| 050 00 - LIBRARY OF CONGRESS CALL NUMBER | |
| Classification number | BC177.C38 2010 |
| 100 1# - MAIN ENTRY--PERSONAL NAME | |
| Personal name | Cavender, Nancy. |
| 245 10 - TITLE STATEMENT | |
| Title | Logic and contemporary rhetoric : the use of reason in everyday life / |
| Statement of responsibility, etc | Nancy Cavender and Howard Kahane. |
| 250 ## - EDITION STATEMENT | |
| Edition statement | 11th ed. |
| 260 ## - PUBLICATION, DISTRIBUTION, ETC. (IMPRINT) | |
| Place of publication, distribution, etc | Belmont, Calif. : |
| Name of publisher, distributor, etc | Wadsworth Cengage Learning, |
| Date of publication, distribution, etc | 2010. |
| 300 ## - PHYSICAL DESCRIPTION | |
| Extent | xv, 415 p. : |
| Other physical details | ill. ; |
| Dimensions | 24 cm. |
| 500 ## - GENERAL NOTE | |
| General note | Howard Kahane as 1t author in previous ed. |
| 504 ## - BIBLIOGRAPHY, ETC. NOTE | |
| Bibliography, etc | Includes bibliographical references and index. |
| 505 ## - FORMATTED CONTENTS NOTE | |
| Formatted contents note | Preface. 1. Good and Bad Reasoning. 2. More on Deduction and Induction. 3. Fallacious Reasoning: Part One. 4. Fallacious Reasoning: Part Two. 5. Fallacious Reasoning: Part Three. 6. Psychological Impediments to Cogent Reasoning: Shooting Ourselves in the Foot. 7. Language. 8. Evaluating Extended Arguments. 9. Writing Cogent (and Persuasive) Essays. 10. Advertising: Selling the Product. 11. Managing the News. 12. Textbooks: Managing World Views. Appendix: More on Cogent Reasoning. Answers to Starred Exercise Items. Bibliography. Annotated List of Periodicals. Glossary. Index. |
| 650 #0 - SUBJECT ADDED ENTRY--TOPICAL TERM | |
| Topical term or geographic name as entry element | Reasoning. |
| 650 #0 - SUBJECT ADDED ENTRY--TOPICAL TERM | |
| Topical term or geographic name as entry element | Fallacies (Logic) |
| 650 #0 - SUBJECT ADDED ENTRY--TOPICAL TERM | |
| Topical term or geographic name as entry element | Judgment (Logic) |
| 650 #0 - SUBJECT ADDED ENTRY--TOPICAL TERM | |
| Topical term or geographic name as entry element | Mass media. |
| 650 #0 - SUBJECT ADDED ENTRY--TOPICAL TERM | |
| Topical term or geographic name as entry element | Textbooks. |
| 700 1# - ADDED ENTRY--PERSONAL NAME | |
| Personal name | Kahane, Howard, |
| Dates associated with a name | 1928- |
| 942 ## - ADDED ENTRY ELEMENTS (KOHA) | |
| Source of classification or shelving scheme | |
| Koha item type | Book |
| Withdrawn status | Lost status | Source of classification or shelving scheme | Damaged status | Not for loan | Home library | Current library | Date acquired | Total Checkouts | Full call number | Barcode | Date last seen | Date checked out | Copy number | Price effective from | Koha item type |
|---|---|---|---|---|---|---|---|---|---|---|---|---|---|---|---|
| Riara University Library | Riara University Library | 05/07/2012 | 3 | BC177.C38 2010 | 3450/12 | 07/11/2018 | 25/09/2018 | C.1 | 05/07/2012 | Book | |||||
| Riara University Library | Riara University Library | 05/07/2012 | 1 | BC177.C38 2010 | 3451/12 | 19/12/2013 | 10/12/2013 | C.2 | 05/07/2012 | Book | |||||
| Riara University Library | Riara University Library | 05/07/2012 | 4 | BC177.C38 2010 | 3452/12 | 24/03/2023 | 05/12/2022 | C.3 | 05/07/2012 | Book | |||||
| Riara University Library | Riara University Library | 11/09/2013 | BC177.C38 2014 | 4345/13 | 11/09/2013 | C.5 | 11/09/2013 | Book | |||||||
| Riara University Library | Riara University Library | 11/09/2013 | 1 | BC177.C38 2014 | 4344/13 | 06/08/2014 | 11/07/2014 | C.4 | 11/09/2013 | Book | |||||
| Riara University Library | Riara University Library | 11/09/2013 | 1 | BC177.C38 2014 | 4343/13 | 10/11/2018 | 09/08/2018 | C.6 | 11/09/2013 | Book |
